000 01861nam a2200253Ia 4500
008 260220t1973||||xx |||||||||||||| ||spa||
040 _aPY-SlUNAC
_bspa
_erda
041 _aspa
082 _a519.5
_bH11e
100 _aHaber, Audrey
_eAutor
245 0 _aEstadística general /
_cpor Audrey Haber [Autor] y Richard P. Runyon [Autor]
264 _aBogotá :
_bFondo Educativo Americano,
_c℗1973.
300 _a1 volumen
520 _a"Estadística general" de Audrey Haber es una obra fundamental que ofrece una introducción comprensiva a los principios y métodos estadísticos. A lo largo del texto, la autora aborda conceptos esenciales como la recopilación y organización de datos, medidas de tendencia central, variabilidad y distribución de probabilidad. Además, se exploran inferencias estadísticas y técnicas de muestreo, proporcionando herramientas para el análisis crítico de la información. Haber enfatiza la importancia de la estadística en la toma de decisiones informadas en diversos campos, desde las ciencias sociales hasta la investigación científica. Con un enfoque pedagógico, el libro incluye ejemplos prácticos y ejercicios que facilitan la comprensión de los temas tratados. Su estructura clara y accesible lo convierte en un recurso valioso tanto para estudiantes como para profesionales interesados en desarrollar habilidades analíticas. En conjunto, "Estadística general" establece una base sólida para el estudio posterior de técnicas estadísticas más avanzadas y su aplicación en la vida diaria.
653 _aEducación
653 _aEstadística
653 _aMétodos de investigación
700 _aRunyon, Richard P.
_eAutor
942 _b2026/02/17
_cBK
999 _c7646
_d7646